000 00640nam a2200193Ia 4500
003 GCL
008 140319s9999 xx 000 0 ara d
020 _a3805904977
040 _aGCL /
_cGCL
082 0 4 _a953.4
_bم م
100 1 _aمحمد عبدالستار عثمان
245 1 0 _aمدينة ظفار بسلطنة عمان /
_cمحمد عبدالستار عثمان
250 _aالاولى
260 _aالقاهرة :
_bدار الوفاء لدنيا الطباعة والنشر ،
_c2000
300 _a312 ص ؛
_c24 سم
650 0 4 _aعمان
650 0 4 _aعمان - تاريخ - مدينة ظفار
942 _2ddc
_cBK
999 _c6260
_d6260